UBT Library

Calculus : (Record no. 42373)

000 -LEADER
fixed length control field 00775cam a2200241 a 4500
001 - CONTROL NUMBER
control field 3025822
005 - DATE AND TIME OF LATEST TRANSACTION
control field 20180213065255.0
008 - FIXED-LENGTH DATA ELEMENTS--GENERAL INFORMATION
fixed length control field 940804s1994 nyuab 000 0 eng d
010 ## - LIBRARY OF CONGRESS CONTROL NUMBER
LC control number 94205327
020 ## - INTERNATIONAL STANDARD BOOK NUMBER
International Standard Book Number 0471003166
035 ## - SYSTEM CONTROL NUMBER
System control number (OCoLC)30882371
040 ## - CATALOGING SOURCE
Original cataloging agency FTS
Transcribing agency FTS
Modifying agency DLC
041 ## - LANGUAGE CODE
Language code of text/sound track or separate title eng
042 ## - AUTHENTICATION CODE
Authentication code lccopycat
080 ## - UNIVERSAL DECIMAL CLASSIFICATION NUMBER
Universal Decimal Classification number 515 pro
082 00 - DEWEY DECIMAL CLASSIFICATION NUMBER
Classification number 515 pro
Edition number 20
100 ## - Rafti
Rafti 33
101 ## - Shkurtesa
Shkurtesa mat
245 10 - TITLE STATEMENT
Title Calculus :
Statement of responsibility, etc The Ithaca College Calculus Group. Stephen Hilbert, John Maceli, Eric Robinson, Diane Driscoll Schwartz, Stan Seltzer.
906 ## - LOCAL DATA ELEMENT F, LDF (RLIN)
a 7
b cbc
c copycat
d 3
e ncip
f 19
g y-gencatlg
942 ## - ADDED ENTRY ELEMENTS (KOHA)
Source of classification or shelving scheme
Item type Books
Holdings
Withdrawn status Lost status Source of classification or shelving scheme Damaged status Not for loan Collection code Permanent location Current location Shelving location Date acquired Total Checkouts Full call number Barcode Date last seen Price effective from Koha item type
          Koleksioni i përgjithshem UBT - Lipjan UBT - Lipjan Koleksioni i përgjithshem 02/13/2018   515 pro 002-2997393 02/13/2018 02/13/2018 Books
UBT Library © 2015-2024. All rights reserved University Education for Business and Technology